00506nam a2200181 a 450000500170000000800410001702000250005805000260008310000290010924500260013826000340016430000210019852100080021965000290022765000210025665000300027770000170030720140310183347.0070410s19uu xx 00 eng d a13:978-074-560-367-4 aRT 86.5 b.So665 2005 aDenny, Elaine, edited by aSociology for Nurses. aU.S.A :bPolity Press,c2005. a310 p. :c21 cm. aNUR aNursingxSocial aspects. aSocial medicine. aNursing CarexPsychology. aSarah, Earle